[Event "IX IBCA World Team Ch. for the Blind an"]
[Site "Ohrid, North Macedonia"]
[Date "2022.06.30"]
[Round "3.2"]
[White "Stachanczyk, Jacek"]
[Black "Shepelev, Igor"]
[Result "1/2-1/2"]
[WhiteElo "2194"]
[BlackElo "2090"]
[PlyCount "58"]
[EventDate "2022.06.28"]
[EventType "team"]
[EventRounds "7"]
[EventCountry "MKD"]
[WhiteTeam "Poland"]
[BlackTeam "Ukraine"]
[WhiteTeamCountry "POL"]
[BlackTeamCountry "UKR"]

1. e4 e5 2. Nf3 Nf6 3. Nxe5 d6 4. Nf3 Nxe4 5. d4 d5 6. Bd3 Nc6 7. O-O Be7 8.
Re1 Bg4 9. c3 Nf6 10. Nbd2 O-O 11. Nf1 Qd7 12. Ng3 Nh5 13. h3 Bxf3 14. Qxf3
Nxg3 15. fxg3 f5 16. Rf1 g6 17. Bh6 Rf6 18. Rae1 Bf8 19. Bf4 Ne7 20. Bg5 Re6
21. g4 Rxe1 22. Rxe1 fxg4 23. hxg4 Re8 24. b3 c6 25. Qe2 Kf7 26. Rf1+ Kg8 27.
Re1 Kf7 28. c4 Bg7 29. Qf3+ Kg8 1/2-1/2

[Event "IX IBCA World Team Ch. for the Blind an"]
[Site "Ohrid, North Macedonia"]
[Date "2022.06.30"]
[Round "3.3"]
[White "Zsiltzova-Lisenko, Lubov"]
[Black "Dukaczewski, Piotr"]
[Result "1/2-1/2"]
[WhiteElo "2165"]
[BlackElo "2194"]
[PlyCount "46"]
[EventDate "2022.06.28"]
[EventType "team"]
[EventRounds "7"]
[EventCountry "MKD"]
[WhiteTeam "Ukraine"]
[BlackTeam "Poland"]
[WhiteTeamCountry "UKR"]
[BlackTeamCountry "POL"]

1. e4 e5 2. Nf3 Nc6 3. Bb5 Nf6 4. Bxc6 dxc6 5. O-O Bg4 6. h3 Bh5 7. d3 Bd6 8.
Nbd2 Qe7 9. Nc4 h6 10. Ne3 Rg8 11. Nf5 Qd7 12. g4 Bg6 13. N3h4 Bh7 14. Qf3
O-O-O 15. Be3 g5 16. Nxd6+ Qxd6 17. Nf5 Qf8 18. b4 Nd7 19. Rfb1 Kb8 20. a4 h5
21. b5 hxg4 22. hxg4 c5 23. a5 f6 1/2-1/2

[Event "IX IBCA World Team Ch. for the Blind an"]
[Site "Ohrid, North Macedonia"]
[Date "2022.06.30"]
[Round "3.4"]
[White "Suder, Ryszard"]
[Black "Yatsishin, Ivan"]
[Result "0-1"]
[WhiteElo "2084"]
[BlackElo "2029"]
[PlyCount "71"]
[EventDate "2022.06.28"]
[EventType "team"]
[EventRounds "7"]
[EventCountry "MKD"]
[WhiteTeam "Poland"]
[BlackTeam "Ukraine"]
[WhiteTeamCountry "POL"]
[BlackTeamCountry "UKR"]

1. Nf3 Nf6 2. g3 d5 3. Bg2 Bf5 4. O-O c6 5. d3 e6 6. c4 h6 7. Qb3 Qb6 8. Nc3
Nbd7 9. Qxb6 axb6 10. cxd5 exd5 11. Nd4 Bg4 12. h3 Bc5 13. Be3 Bh5 14. Nf5 Bg6
15. Bxc5 Nxc5 16. Nd4 Ne6 17. Nxe6 fxe6 18. e4 d4 19. Ne2 e5 20. f4 Nd7 21.
fxe5 Nxe5 22. Nxd4 O-O-O 23. Nf5 Rxd3 24. Rad1 Rhd8 25. Ne7+ Kc7 26. Rxd3 Rxd3
27. Nxg6 Nxg6 28. Rf7+ Rd7 29. Rf5 Kd6 30. h4 Re7 31. Kf2 Ne5 32. Ke2 Kc5 33.
Ke3 g6 34. Rf8 Nc4+ 35. Kf4 Nxb2 36. Bf1 0-1

[Event "IX IBCA World Team Ch. for the Blind an"]
[Site "Ohrid, North Macedonia"]
[Date "2022.06.30"]
[Round "3.1"]
[White "Zambo, Zoltan Istvan"]
[Black "Thevenet, Yann"]
[Result "1/2-1/2"]
[WhiteElo "2326"]
[BlackElo "1983"]
[PlyCount "71"]
[EventDate "2022.06.28"]
[EventType "team"]
[EventRounds "7"]
[EventCountry "MKD"]
[WhiteTeam "Hungary"]
[BlackTeam "France"]
[WhiteTeamCountry "HUN"]
[BlackTeamCountry "FRA"]

1. Nf3 Nf6 2. c4 g6 3. d4 Bg7 4. g3 O-O 5. Bg2 d6 6. O-O Nbd7 7. Nc3 e5 8. e4
Kh8 9. Qc2 Ng8 10. Rd1 c6 11. Be3 Qe7 12. Rac1 f5 13. exf5 gxf5 14. Bg5 Qf7 15.
d5 Qg6 16. dxc6 bxc6 17. Qd2 h6 18. Bh4 e4 19. Nd4 Ne5 20. Nce2 Nd3 21. Nf4
Nxf4 22. Qxf4 Be5 23. Qe3 Bb7 24. Ne2 Qf7 25. b3 a5 26. f3 d5 27. f4 Bg7 28. c5
Qg6 29. Nd4 Bc8 30. Bf1 Ba6 31. Bh3 Bc8 32. Kf2 Rf7 33. a3 h5 34. Bg5 Nh6 35.
Bxh6 Qxh6 36. Bg2 1/2-1/2

[Event "IX IBCA World Team Ch. for the Blind an"]
[Site "Ohrid, North Macedonia"]
[Date "2022.06.30"]
[Round "3.2"]
[White "Deville, Olivier"]
[Black "Gyorkos, Lajos"]
[Result "1/2-1/2"]
[WhiteElo "1752"]
[BlackElo "2254"]
[PlyCount "46"]
[EventDate "2022.06.28"]
[EventType "team"]
[EventRounds "7"]
[EventCountry "MKD"]
[WhiteTeam "France"]
[BlackTeam "Hungary"]
[WhiteTeamCountry "FRA"]
[BlackTeamCountry "HUN"]

1. d4 Nf6 2. c4 g6 3. Nc3 d5 4. cxd5 Nxd5 5. Bd2 Bg7 6. e4 Nxc3 7. Bxc3 c5 8.
d5 Bxc3+ 9. bxc3 e6 10. dxe6 Bxe6 11. Qxd8+ Kxd8 12. Nf3 Ke7 13. Ng5 Nc6 14.
Nxe6 fxe6 15. O-O-O Rad8 16. Be2 a6 17. Rxd8 Rxd8 18. Rd1 Rf8 19. f3 g5 20. Kd2
Rd8+ 21. Ke3 Rxd1 22. Bxd1 b5 23. g3 e5 1/2-1/2

[Event "IX IBCA World Team Ch. for the Blind an"]
[Site "Ohrid, North Macedonia"]
[Date "2022.06.30"]
[Round "3.3"]
[White "Kovacs, Apollo"]
[Black "Ambrosino, Theo"]
[Result "1-0"]
[WhiteElo "2105"]
[BlackElo "1628"]
[PlyCount "47"]
[EventDate "2022.06.28"]
[EventType "team"]
[EventRounds "7"]
[EventCountry "MKD"]
[WhiteTeam "Hungary"]
[BlackTeam "France"]
[WhiteTeamCountry "HUN"]
[BlackTeamCountry "FRA"]

1. d4 d5 2. Nf3 Nf6 3. Bf4 e6 4. e3 c5 5. Be2 Bd6 6. Bg3 O-O 7. Nbd2 cxd4 8.
exd4 Nc6 9. c3 Re8 10. O-O Qc7 11. Re1 Ne4 12. Bxd6 Qxd6 13. Bb5 f5 14. Ne5 Bd7
15. Bxc6 bxc6 16. f3 Nf6 17. b4 a5 18. a3 Qb8 19. Nb3 axb4 20. Nc5 Qd6 21. cxb4
Bc8 22. Re3 Ba6 23. Rc1 Re7 24. Qa4 1-0

[Event "IX IBCA World Team Ch. for the Blind an"]
[Site "Ohrid, North Macedonia"]
[Date "2022.06.30"]
[Round "3.4"]
[White "Meyer, Eric"]
[Black "Vojan, Istvan"]
[Result "0-1"]
[WhiteElo "1625"]
[BlackElo "1801"]
[PlyCount "48"]
[EventDate "2022.06.28"]
[EventType "team"]
[EventRounds "7"]
[EventCountry "MKD"]
[WhiteTeam "France"]
[BlackTeam "Hungary"]
[WhiteTeamCountry "FRA"]
[BlackTeamCountry "HUN"]

1. d4 e6 2. Nf3 Nf6 3. c4 c5 4. e3 g6 5. Nc3 Bg7 6. Be2 O-O 7. O-O d5 8. dxc5
Nc6 9. Rb1 Qa5 10. Na4 dxc4 11. Bxc4 e5 12. Bd2 Qc7 13. h3 Bf5 14. Rc1 Rad8 15.
Qe2 Qd7 16. Bc3 Ne4 17. Rfd1 Nxc3 18. Nxc3 Qe8 19. Nb5 Kh8 20. g4 Bc8 21. a3 h6
22. Ba2 g5 23. Nh2 e4 24. Nc3 Ne5 0-1

[Event "IX IBCA World Team Ch. for the Blind an"]
[Site "Ohrid, North Macedonia"]
[Date "2022.06.30"]
[Round "3.1"]
[White "Nizam, Rasim"]
[Black "Turicnik, Vlado"]
[Result "1-0"]
[WhiteElo "2168"]
[BlackElo "1961"]
[PlyCount "89"]
[EventDate "2022.06.28"]
[EventType "team"]
[EventRounds "7"]
[EventCountry "MKD"]
[WhiteTeam "Bulgaria"]
[BlackTeam "Slovenia"]
[WhiteTeamCountry "BUL"]
[BlackTeamCountry "SLO"]

1. e4 c5 2. Nf3 Nc6 3. Bb5 g6 4. Bxc6 dxc6 5. d3 Bg7 6. h3 e6 7. Nc3
Nf6 8. Be3 b6 9. Qd2 Bb7 10. a4 a5 11. Bh6 Bxh6 12. Qxh6 Qe7 13. e5 Nd7 14. Ne4
O-O-O 15. Qf4 Rdf8 16. Nfd2 f5 17. exf6 Nxf6 18. Nc4 Nd7 19. Qg3 e5 20. O-O Rf4
21. Rae1 Rhf8 22. Re2 Ba6 23. Ncd6+ Kc7 24. b3 g5 25. Nc4 h6 26. Ned2 Bxc4 27.
Nxc4 Qf6 28. Rfe1 Re8 29. Re4 Re6 30. Qe3 Rxe4 31. Qxe4 Qf4 32. Qh7 Rf6 33. f3
g4 34. hxg4 Qd4+ 35. Kf1 Qxg4 36. Nxe5 Qf5 37. Qxd7+ Qxd7 38. Nxd7 Kxd7 39. Re4
Kd6 40. Kf2 Kd5 41. g4 b5 42. Kg3 Rf8 43. f4 c4 44. bxc4+ bxc4 45. Rxc4 1-0

[Event "IX IBCA World Team Ch. for the Blind an"]
[Site "Ohrid, North Macedonia"]
[Date "2022.06.30"]
[Round "3.2"]
[White "Znuderl, Matej"]
[Black "Ivanov, Ljubomir"]
[Result "0-1"]
[WhiteElo "1879"]
[BlackElo "1792"]
[PlyCount "88"]
[EventDate "2022.06.28"]
[EventType "team"]
[EventRounds "7"]
[EventCountry "MKD"]
[WhiteTeam "Slovenia"]
[BlackTeam "Bulgaria"]
[WhiteTeamCountry "SLO"]
[BlackTeamCountry "BUL"]

1. d4 Nf6 2. c4 g6 3. Nc3 d5
4. cxd5 Nxd5 5. e4 Nxc3 6. bxc3 Bg7 7. Bc4 c5 8. Ne2 O-O 9. O-O Nc6 10. Be3
cxd4 11. cxd4 Bg4 12. f3 Na5 13. Bd3 Be6 14. d5 Bxa1 15. Qxa1 f6 16. Bh6 Re8
17. Bb5 Bd7 18. Bxd7 Qxd7 19. Nd4 Rec8 20. f4 Nc4 21. Qe1 Nd6 22. Ne6 Rc4 23.
Ng5 Qg4 24. e5 Rc2 25. g3 Qh5 26. h4 Qxh6 27. exd6 fxg5 28. Qe6+ Kh8 29. dxe7
Re8 30. Qf7 Rcc8 31. d6 Qg7 32. Qxg7+ Kxg7 33. d7 gxh4 34. f5 gxf5 35. dxc8=Q
Rxc8 36. Rxf5 hxg3 37. Kg2 Re8 38. Ra5 a6 39. Kxg3 Rxe7 40. Kf4 Kf6 41. a4 Ke6
42. Kg4 Kd6 43. Rh5 b6 44. Kf5 Re5+ 0-1

[Event "IX IBCA World Team Ch. for the Blind an"]
[Site "Ohrid, North Macedonia"]
[Date "2022.06.30"]
[Round "3.3"]
[White "Georgiev, Todor St."]
[Black "Stimec, Marjan"]
[Result "1-0"]
[WhiteElo "1795"]
[BlackElo "1787"]
[PlyCount "81"]
[EventDate "2022.06.28"]
[EventType "team"]
[EventRounds "7"]
[EventCountry "MKD"]
[WhiteTeam "Bulgaria"]
[BlackTeam "Slovenia"]
[WhiteTeamCountry "BUL"]
[BlackTeamCountry "SLO"]

1. d4 g6 2. c4 Bg7 3. e4 d6 4. Nc3 Nd7 5. f4 e6 6. Nf3 Ne7
7. Be3 O-O 8. Bd3 c5 9. d5 exd5 10. exd5 Nf6 11. h3 Nf5 12. Bf2 Re8+ 13. Kd2
Bd7 14. g4 Nd4 15. Nxd4 cxd4 16. Bxd4 Ne4+ 17. Kc2 Bxd4 18. Nxe4 Qb6 19. b3 f5
20. gxf5 Bxf5 21. Nc3 Qb4 22. Qd2 Re2 23. Nxe2 Qxd2+ 24. Kxd2 Bxa1 25. Rxa1
Bxh3 26. a4 Rf8 27. Rg1 Kg7 28. Ke3 Re8+ 29. Kf3 Re7 30. f5 Rf7 31. Nd4 Rf6 32.
Rg3 Bxf5 33. Bxf5 Kh8 34. Ke4 gxf5+ 35. Nxf5 b6 36. b4 h6 37. b5 h5 38. Rg5 h4
39. Rh5+ Kg8 40. Rxh4 Rf7 41. Nh6+ 1-0

[Event "IX IBCA World Team Ch. for the Blind an"]
[Site "Ohrid, North Macedonia"]
[Date "2022.06.30"]
[Round "3.4"]
[White "Cizman, Gregor"]
[Black "Patev, Petko"]
[Result "0-1"]
[WhiteElo "1522"]
[BlackElo "1792"]
[PlyCount "66"]
[EventDate "2022.06.28"]
[EventType "team"]
[EventRounds "7"]
[EventCountry "MKD"]
[WhiteTeam "Slovenia"]
[BlackTeam "Bulgaria"]
[WhiteTeamCountry "SLO"]
[BlackTeamCountry "BUL"]

1. d4 d5 2. Nf3 Nf6 3. Bf4 e6 4. e3 c5 5. c3 Nc6 6. Nbd2 Be7 7. h3 O-O 8. Bd3
h6 9. O-O Qb6 10. Rb1 a5 11. Ne5 Rd8 12. Qe2 Nxe5 13. Bxe5 Nd7 14. Bg3 Nf8 15.
Nf3 Bd7 16. Ne5 Be8 17. Nf3 Bd6 18. Bxd6 Qxd6 19. Rfe1 c4 20. Bc2 b5 21. a3
Rdb8 22. e4 b4 23. axb4 axb4 24. exd5 b3 25. Bd1 exd5 26. Qe5 Qxe5 27. Rxe5 Ra5
28. Nh2 Ne6 29. Re3 Bd7 30. g4 Nf4 31. Be2 Rba8 32. Re7 Ra1 33. Rf1 Be6 0-1

[Event "IX IBCA World Team Ch. for the Blind an"]
[Site "Ohrid, North Macedonia"]
[Date "2022.07.01"]
[Round "4.1"]
[White "Ymeri, Rinor"]
[Black "Turicnik, Vlado"]
[Result "0-1"]
[WhiteElo "1603"]
[BlackElo "1961"]
[PlyCount "92"]
[EventDate "2022.06.28"]
[EventType "team"]
[EventRounds "7"]
[EventCountry "MKD"]
[WhiteTeam "Kosovo"]
[BlackTeam "Slovenia"]
[WhiteTeamCountry "KOS"]
[BlackTeamCountry "SLO"]

1. e4 c5 2. Nf3 Nc6 3. d4 cxd4 4. Nxd4 Nf6 5. Nc3 e5 6. Nf3 Bb4 7. Bd2 Bxc3 8.
Bxc3 Nxe4 9. Bc4 O-O 10. O-O Nxc3 11. bxc3 d6 12. Rb1 Qc7 13. Bd3 h6 14. Re1
Be6 15. c4 Na5 16. Qe2 Bxc4 17. Qe4 Bxd3 18. cxd3 b6 19. Nh4 g6 20. Rec1 Qb7
21. Qg4 Kh7 22. Rc2 Rac8 23. Rbc1 Rc5 24. d4 exd4 25. Qxd4 Rfc8 26. Rxc5 dxc5
27. Qf6 Rc6 28. Qc3 Qd7 29. Nf3 Re6 30. h3 Nc6 31. Qc4 Ne5 32. Nxe5 Rxe5 33.
Qc2 Qe6 34. Qa4 Re1+ 35. Rxe1 Qxe1+ 36. Kh2 Qxf2 37. Qxa7 c4 38. Qc7 b5 39. a4
bxa4 40. Qxc4 a3 41. h4 a2 42. h5 a1=Q 43. hxg6+ fxg6 44. Qc7+ Qg7 45. Qc4 Qe5+
46. Kh3 Qeg3# 0-1

[Event "IX IBCA World Team Ch. for the Blind an"]
[Site "Ohrid, North Macedonia"]
[Date "2022.07.01"]
[Round "4.2"]
[White "Znuderl, Matej"]
[Black "Gashi, Gani"]
[Result "1-0"]
[WhiteElo "1879"]
[BlackElo "1738"]
[PlyCount "89"]
[EventDate "2022.06.28"]
[EventType "team"]
[EventRounds "7"]
[EventCountry "MKD"]
[WhiteTeam "Slovenia"]
[BlackTeam "Kosovo"]
[WhiteTeamCountry "SLO"]
[BlackTeamCountry "KOS"]

1. e4 c5 2. Nf3 e6 3. c4 Nc6 4. Nc3 g6 5. d4 cxd4 6. Nxd4 Bg7 7. Be3 Nge7 8.
Be2 a6 9. Qd2 Nxd4 10. Bxd4 e5 11. Bc5 b6 12. Bd6 Bb7 13. Nd5 Bxd5 14. cxd5 Nc8
15. Ba3 b5 16. Rc1 h5 17. Rc3 Qb6 18. Bc5 Qb7 19. O-O d6 20. Be3 Ne7 21. Rfc1
Rc8 22. Rxc8+ Nxc8 23. Qa5 O-O 24. Rc6 f5 25. exf5 Rxf5 26. Bd3 Rf6 27. Qxa6
Qxa6 28. Rxa6 Ne7 29. Bxb5 Kh7 30. Bg5 Rf7 31. Rxd6 Nf5 32. Rd7 Rxd7 33. Bxd7
Nd6 34. a4 e4 35. Be7 Nc4 36. b4 Bc3 37. Bc5 Ne5 38. Be8 Nd3 39. Be7 Bd4 40. d6
Bxf2+ 41. Kf1 e3 42. d7 Bg1 43. d8=Q Nf4 44. Kxg1 e2 45. Kf2 1-0

[Event "IX IBCA World Team Ch. for the Blind an"]
[Site "Ohrid, North Macedonia"]
[Date "2022.07.01"]
[Round "4.3"]
[White "Berisha, Xhafer"]
[Black "Muri, Emil"]
[Result "0-1"]
[WhiteElo "1440"]
[BlackElo "1782"]
[PlyCount "83"]
[EventDate "2022.06.28"]
[EventType "team"]
[EventRounds "7"]
[EventCountry "MKD"]
[WhiteTeam "Kosovo"]
[BlackTeam "Slovenia"]
[WhiteTeamCountry "KOS"]
[BlackTeamCountry "SLO"]

1. e4 e5 2. Nf3 Nc6 3. Bc4 Nf6 4. Nc3 Nxe4 5. Bxf7+ Kxf7 6. Nxe4 Be7 7. O-O d5
8. Ng3 Rf8 9. d4 e4 10. Ne5+ Nxe5 11. dxe5 Kg8 12. Be3 Be6 13. c3 c6 14. Qc2
Qc7 15. c4 Qxe5 16. cxd5 cxd5 17. Rad1 b6 18. Bd4 Qg5 19. Qc6 Bf7 20. Rde1 Rfc8
21. Qd7 Bf6 22. Bxf6 Qxf6 23. Nf5 Rd8 24. Ne7+ Kh8 25. Qb7 Rdb8 26. Qc7 Rd8 27.
f3 Re8 28. Nxd5 Bxd5 29. fxe4 Qd4+ 30. Kh1 Bxe4 31. Qg3 Bg6 32. Rd1 Qxb2 33.
Qd6 Qe2 34. Qf4 Kg8 35. Rd2 Qb5 36. Rdf2 Qc5 37. Qf3 Rab8 38. h4 Rbd8 39. Qf4
Rf8 40. Qg5 Qxg5 41. hxg5 Rxf2 42. Rxf2 0-1

[Event "IX IBCA World Team Ch. for the Blind an"]
[Site "Ohrid, North Macedonia"]
[Date "2022.07.01"]
[Round "4.4"]
[White "Stimec, Marjan"]
[Black "Kastrati, Shaip"]
[Result "1-0"]
[WhiteElo "1787"]
[BlackElo "1475"]
[PlyCount "41"]
[EventDate "2022.06.28"]
[EventType "team"]
[EventRounds "7"]
[EventCountry "MKD"]
[WhiteTeam "Slovenia"]
[BlackTeam "Kosovo"]
[WhiteTeamCountry "SLO"]
[BlackTeamCountry "KOS"]

1. e4 e5 2. Nf3 Nc6 3. Bc4 Nf6 4. Ng5 d5 5. exd5 Nxd5 6. d4 Nxd4 7. c3 Ne6 8.
Nxf7 Kxf7 9. Bxd5 Qf6 10. O-O Bd6 11. Nd2 c6 12. Ne4 Qe7 13. Bb3 Bc7 14. Bg5
Qd7 15. Qf3+ Kg6 16. Be3 h6 17. Bc2 Nd4 18. cxd4 Qf5 19. Ng5 hxg5 20. Qg3 Rh5
21. dxe5 1-0

[Event "IX IBCA World Team Ch. for the Blind an"]
[Site "Ohrid, North Macedonia"]
[Date "2022.07.01"]
[Round "4.1"]
[White "Thevenet, Yann"]
[Black "Nizam, Rasim"]
[Result "1/2-1/2"]
[WhiteElo "1983"]
[BlackElo "2168"]
[PlyCount "36"]
[EventDate "2022.06.28"]
[EventType "team"]
[EventRounds "7"]
[EventCountry "MKD"]
[WhiteTeam "France"]
[BlackTeam "Bulgaria"]
[WhiteTeamCountry "FRA"]
[BlackTeamCountry "BUL"]

1. e4 e6 2. d4 d5 3. Nd2 Nf6 4. e5 Nfd7 5. Bd3 c5 6. c3 Nc6 7. Ne2 cxd4 8. cxd4
f6 9. exf6 Nxf6 10. Nf3 Bd6 11. Bf4 Bxf4 12. Nxf4 Qa5+ 13. Qd2 Qxd2+ 14. Kxd2
O-O 15. Rhe1 Ng4 16. Nxe6 Bxe6 17. Rxe6 Nxf2 18. Be2 Ng4 1/2-1/2

[Event "IX IBCA World Team Ch. for the Blind an"]
[Site "Ohrid, North Macedonia"]
[Date "2022.07.01"]
[Round "4.2"]
[White "Ivanov, Ljubomir"]
[Black "Deville, Olivier"]
[Result "0-1"]
[WhiteElo "1792"]
[BlackElo "1752"]
[PlyCount "106"]
[EventDate "2022.06.28"]
[EventType "team"]
[EventRounds "7"]
[EventCountry "MKD"]
[WhiteTeam "Bulgaria"]
[BlackTeam "France"]
[WhiteTeamCountry "BUL"]
[BlackTeamCountry "FRA"]

1. e4 c5 2. Nf3 d6 3. d4 Nf6 4. Nc3 cxd4 5. Nxd4 Nc6 6. Bc4 e6 7. Bb3 Be7 8. h3
a6 9. Be3 Qc7 10. a4 Na5 11. Qe2 Nxb3 12. Nxb3 Bd7 13. a5 Bc6 14. Bb6 Qb8 15.
Nd4 Nd7 16. Nxc6 bxc6 17. Na4 O-O 18. O-O-O d5 19. Rhe1 Nxb6 20. Nxb6 Ra7 21.
Rd3 Qf4+ 22. Kb1 Bb4 23. Qe3 Qxe3 24. Rexe3 Bxa5 25. Na4 Rb8 26. exd5 cxd5 27.
Rb3 Rab7 28. Rxb7 Rxb7 29. Nc5 Rb6 30. Nd7 Rd6 31. Nc5 Bb6 32. Rb3 g6 33. Nxa6
Bxf2 34. Nc7 Rb6 35. Rxb6 Bxb6 36. Na8 Ba7 37. b4 Kf8 38. b5 Ke7 39. Nc7 Kd7
40. Na6 Kd6 41. Kc1 e5 42. Kd2 e4 43. Ke2 Bb6 44. Nb8 h5 45. g4 hxg4 46. hxg4
f5 47. gxf5 gxf5 48. Nc6 f4 49. c3 f3+ 50. Kf1 e3 51. Nb4 Ba5 52. b6 Bxb4 53.
c4 dxc4 0-1

[Event "IX IBCA World Team Ch. for the Blind an"]
[Site "Ohrid, North Macedonia"]
[Date "2022.07.01"]
[Round "4.3"]
[White "Ambrosino, Theo"]
[Black "Georgiev, Todor St."]
[Result "1-0"]
[WhiteElo "1628"]
[BlackElo "1795"]
[PlyCount "91"]
[EventDate "2022.06.28"]
[EventType "team"]
[EventRounds "7"]
[EventCountry "MKD"]
[WhiteTeam "France"]
[BlackTeam "Bulgaria"]
[WhiteTeamCountry "FRA"]
[BlackTeamCountry "BUL"]

1. c4 c5 2. Nc3 e6 3. e3 Nf6 4. Nf3 Nc6 5. g3 Be7 6. Bg2 a6 7. O-O O-O 8. h3 d5
9. cxd5 exd5 10. d4 h6 11. a3 Be6 12. dxc5 Bxc5 13. b4 Ba7 14. Bb2 Qd7 15. Kh2
Rac8 16. Ne2 Qe7 17. Nf4 Rfd8 18. Rc1 Rc7 19. Ne2 Ne4 20. Ned4 Nd6 21. Nxc6
bxc6 22. Ne5 Rdc8 23. Qa4 f6 24. Ng6 Qe8 25. Nf4 Nc4 26. Bc3 Bd7 27. Qxa6 c5
28. Bxd5+ Kh8 29. Qxc4 cxb4 30. Qxb4 Bc5 31. Qb1 f5 32. Qa1 Bb5 33. Rfe1 Bf8
34. Ne6 Ra7 35. Nxf8 Qxf8 36. Bb4 Qd8 37. Rxc8 Qxc8 38. Rc1 Qd8 39. Be6 Qg5 40.
Rc8+ Kh7 41. Qe5 Bd7 42. Bxd7 Rxd7 43. Qe8 Ra7 44. Qg8+ Kg6 45. Rc6+ Kh5 46.
Qd5 1-0

[Event "IX IBCA World Team Ch. for the Blind an"]
[Site "Ohrid, North Macedonia"]
[Date "2022.07.01"]
[Round "4.4"]
[White "Patev, Petko"]
[Black "Meyer, Eric"]
[Result "1-0"]
[WhiteElo "1792"]
[BlackElo "1625"]
[PlyCount "55"]
[EventDate "2022.06.28"]
[EventType "team"]
[EventRounds "7"]
[EventCountry "MKD"]
[WhiteTeam "Bulgaria"]
[BlackTeam "France"]
[WhiteTeamCountry "BUL"]
[BlackTeamCountry "FRA"]

1. e4 c5 2. Nc3 Nc6 3. f4 g6 4. Nf3 Bg7 5. g3 e6 6. Bg2 Nge7 7. O-O O-O 8. d3
d5 9. e5 Nf5 10. g4 Nh4 11. g5 Nxf3+ 12. Bxf3 Nd4 13. Rb1 a6 14. h4 h5 15. Be3
Re8 16. Bxd4 cxd4 17. Ne2 Bf8 18. Ng3 Be7 19. Be2 Kh7 20. Bxh5 gxh5 21. Qxh5+
Kg8 22. g6 fxg6 23. Qxg6+ Kf8 24. Qh6+ Kg8 25. Nh5 Bf8 26. Qg6+ Kh8 27. Nf6 Re7
28. Qg8# 1-0

[Event "IX IBCA World Team Ch. for the Blind an"]
[Site "Ohrid, North Macedonia"]
[Date "2022.07.01"]
[Round "4.1"]
[White "Tazbir, Marcin"]
[Black "Zambo, Zoltan Istvan"]
[Result "1-0"]
[WhiteElo "2506"]
[BlackElo "2326"]
[PlyCount "71"]
[EventDate "2022.06.28"]
[EventType "team"]
[EventRounds "7"]
[EventCountry "MKD"]
[WhiteTeam "Poland"]
[BlackTeam "Hungary"]
[WhiteTeamCountry "POL"]
[BlackTeamCountry "HUN"]

1. e4 c5 2. Nf3 e6 3. d3 Nc6 4. g3 g6 5. Bg2 Bg7 6. O-O Nge7 7. c3 d5 8. Re1
dxe4 9. dxe4 Qxd1 10. Rxd1 e5 11. Na3 O-O 12. Nb5 Rb8 13. Nd6 Rd8 14. Be3 b6
15. Ng5 f6 16. Ngf7 Rf8 17. Nxc8 Kxf7 18. Nd6+ Kg8 19. Nb5 Rfd8 20. Bf1 Bf8 21.
Bc4+ Kg7 22. Nc7 Rxd1+ 23. Rxd1 g5 24. Ne6+ Kg6 25. Rd7 Bh6 26. b4 cxb4 27.
cxb4 b5 28. Bb3 Nc8 29. Bc5 Nb6 30. Rc7 Nd8 31. Nxd8 Rxd8 32. Be6 Bg7 33. Kg2
h5 34. Bf5+ Kh6 35. h4 Nc4 36. hxg5+ 1-0

[Event "IX IBCA World Team Ch. for the Blind an"]
[Site "Ohrid, North Macedonia"]
[Date "2022.07.01"]
[Round "4.2"]
[White "Gyorkos, Lajos"]
[Black "Stachanczyk, Jacek"]
[Result "0-1"]
[WhiteElo "2254"]
[BlackElo "2194"]
[PlyCount "40"]
[EventDate "2022.06.28"]
[EventType "team"]
[EventRounds "7"]
[EventCountry "MKD"]
[WhiteTeam "Hungary"]
[BlackTeam "Poland"]
[WhiteTeamCountry "HUN"]
[BlackTeamCountry "POL"]

1. Nf3 Nf6 2. g3 g6 3. Bg2 Bg7 4. O-O O-O 5. d4 d5 6. Nbd2 c6 7. c4 a5 8. b3 a4
9. Bb2 Bf5 10. Nh4 Be6 11. Qc2 Nbd7 12. Rfd1 b5 13. e4 a3 14. Bc3 dxe4 15. Bxe4
Nxe4 16. Qxe4 Nb6 17. Qxc6 bxc4 18. Nxc4 Nxc4 19. bxc4 Rc8 20. Qa4 Rxc4 0-1

[Event "IX IBCA World Team Ch. for the Blind an"]
[Site "Ohrid, North Macedonia"]
[Date "2022.07.01"]
[Round "4.3"]
[White "Dukaczewski, Piotr"]
[Black "Kovacs, Apollo"]
[Result "1/2-1/2"]
[WhiteElo "2194"]
[BlackElo "2105"]
[PlyCount "134"]
[EventDate "2022.06.28"]
[EventType "team"]
[EventRounds "7"]
[EventCountry "MKD"]
[WhiteTeam "Poland"]
[BlackTeam "Hungary"]
[WhiteTeamCountry "POL"]
[BlackTeamCountry "HUN"]

1. Nf3 c5 2. e4 e6 3. d4 cxd4 4. Nxd4 Nf6 5. Nc3 Bb4 6. e5 Nd5 7. Bd2 Nxc3 8.
bxc3 Bc5 9. Qg4 Kf8 10. Bd3 Qc7 11. f4 Nc6 12. Nb3 Bb6 13. c4 a5 14. c5 Ba7 15.
Be3 a4 16. Nd2 Qa5 17. O-O Bxc5 18. Bxc5+ Qxc5+ 19. Kh1 g6 20. Ne4 Qe7 21. Nd6
f5 22. Qg3 Nb4 23. Bb5 a3 24. Qb3 Nc6 25. Rad1 Kg7 26. Rd2 Rd8 27. Rfd1 Kf8 28.
Be2 g5 29. g3 gxf4 30. gxf4 Qh4 31. Qe3 Ra4 32. c4 Ne7 33. Rg1 b5 34. Qb6 Ng6
35. Nxc8 Rxc8 36. Rxd7 Re8 37. Qxb5 Raa8 38. Qc5+ Kg8 39. Qe3 Kh8 40. Rf1 Rad8
41. Rd3 Rg8 42. Qg3 Qe7 43. Rxa3 Rd2 44. Re3 Rxa2 45. Qe1 Qd7 46. Bf3 Qa4 47.
Be2 Qc6+ 48. Bf3 Qxc4 49. Re2 Ra3 50. Rg2 Re3 51. Qxe3 Qxf1+ 52. Rg1 Qh3 53.
Re1 Qh4 54. Rg1 Qxf4 55. Qxf4 Nxf4 56. Rd1 Nh3 57. Rf1 Ng5 58. Bc6 Rc8 59. Bd7
Rc7 60. h4 Rxd7 61. hxg5 Rg7 62. Rg1 h6 63. g6 Kg8 64. Rg2 Re7 65. Kh2 Kg7 66.
Kh3 Rd7 67. Kh4 Rd3 1/2-1/2

[Event "IX IBCA World Team Ch. for the Blind an"]
[Site "Ohrid, North Macedonia"]
[Date "2022.07.01"]
[Round "4.4"]
[White "Szilagyi, Samuel Attila"]
[Black "Wolanski, Michal"]
[Result "0-1"]
[WhiteElo "1935"]
[BlackElo "2005"]
[PlyCount "76"]
[EventDate "2022.06.28"]
[EventType "team"]
[EventRounds "7"]
[EventCountry "MKD"]
[WhiteTeam "Hungary"]
[BlackTeam "Poland"]
[WhiteTeamCountry "HUN"]
[BlackTeamCountry "POL"]

1. e4 c5 2. Nf3 Nc6 3. d4 cxd4 4. Nxd4 e5 5. Nb5 d6 6. N1c3 a6 7. Na3 Be7 8.
Nd5 Be6 9. Be3 Bxd5 10. exd5 Nb8 11. Nc4 Nd7 12. a4 Ngf6 13. a5 O-O 14. Be2 Rc8
15. O-O Ne8 16. Qd2 f5 17. f4 e4 18. Nb6 Nxb6 19. Bxb6 Qd7 20. c4 Bd8 21. Be3
Bf6 22. Ra2 g6 23. b4 Nc7 24. Rb1 Qf7 25. Rc2 Kh8 26. Rd1 Rfd8 27. Bb6 Rd7 28.
c5 dxc5 29. d6 Bd4+ 30. Qxd4+ cxd4 31. Bxd4+ Kg8 32. Bc4 Ne6 33. Bxe6 Rxc2 34.
Bxf7+ Kxf7 35. Bc5 Ke6 36. h3 Rd8 37. Rb1 Kd7 38. Rb3 Rc8 0-1